[Event "XXXII Festival A"]
[Site "Arco ITA"]
[Date "2010.10.23"]
[Round "8"]
[White "Billio, Atto"]
[Black "Cavatorta, Fosco"]
[Result "1-0"]
[WhiteElo "2138"]
[BlackElo "1936"]
[PlyCount "94"]
[EventDate "2010.10.16"]

1. c4 e5 2. g3 d6 3. Bg2 f5 4. Nc3 Nf6 5. d3 Be7 6. e3 O-O 7. Nge2 c6 8. O-O
Be6 9. b3 d5 10. cxd5 cxd5 11. Bb2 Nc6 12. Rc1 Qd7 13. Na4 b6 14. a3 Rac8 15.
b4 Bd6 16. Nac3 f4 17. exf4 Bh3 18. fxe5 Bxe5 19. d4 Bb8 20. Qb3 Bxg2 21. Kxg2
Qf5 22. Qc2 Qh5 23. Qd3 Ne7 24. Nd1 Rxc1 25. Bxc1 Ng6 26. f3 h6 27. Nf2 Ne7 28.
Bd2 g5 29. b5 Bd6 30. a4 Qf7 31. Nd1 Ne4 32. Nc1 Nxd2 33. Qxd2 g4 34. f4 Qh5
35. Nf2 Nf5 36. Re1 Qf7 37. Nxg4 Qg7 38. Ne5 h5 39. Qa2 Kh7 40. Qxd5 Nh4+ 41.
Kf2 Nf5 42. Ncd3 Rd8 43. Nf7 Be5 44. Nxd8 Bxd4+ 45. Kf1 Ne3+ 46. Rxe3 Bxe3 47.
Qe4+ Qg6 1-0

[Event "XXXII Festival A"]
[Site "Arco ITA"]
[Date "2010.10.23"]
[Round "8"]
[White "Blasco, Domenico"]
[Black "De Simone Sorrentino, Fabio"]
[Result "1-0"]
[WhiteElo "1961"]
[BlackElo "1711"]
[PlyCount "71"]
[EventDate "2010.10.16"]

1. d4 d5 2. Nf3 Nf6 3. e3 e6 4. Bd3 Bd6 5. Nbd2 Nbd7 6. O-O O-O 7. Re1 Re8 8.
e4 dxe4 9. Nxe4 Nxe4 10. Rxe4 Be7 11. c3 b6 12. Ne5 Nxe5 13. Rxe5 Bf6 14. Re1
Bb7 15. Bf4 g6 16. Be5 Bxe5 17. Rxe5 Qf6 18. Be4 Bxe4 19. Rxe4 Rad8 20. Qe2 Rd5
21. Re1 Red8 22. Re5 Rxe5 23. dxe5 Qf4 24. g3 Qd2 25. Kg2 Qd5+ 26. Qf3 Qxa2 27.
Qf6 Qd5+ 28. Kg1 Qd2 29. Re3 Qd1+ 30. Kg2 Qd5+ 31. Rf3 Ra8 32. Qxf7+ Kh8 33.
Qf6+ Kg8 34. h4 a5 35. g4 Re8 36. Qf7+ 1-0

[Event "XXXII Festival A"]
[Site "Arco ITA"]
[Date "2010.10.23"]
[Round "8"]
[White "Bonade', Massimo"]
[Black "Wagner, Frank"]
[Result "1-0"]
[WhiteElo "2091"]
[BlackElo "1919"]
[PlyCount "67"]
[EventDate "2010.10.16"]

1. d4 Nf6 2. c4 g6 3. Nc3 Bg7 4. e4 d6 5. Nf3 O-O 6. Be2 c5 7. O-O cxd4 8. Nxd4
Nc6 9. Be3 Nxd4 10. Bxd4 Bd7 11. f3 Ne8 12. Be3 Kh8 13. Qd2 a6 14. Rfd1 f5 15.
Nd5 fxe4 16. Bb6 Qb8 17. Nxe7 exf3 18. Bxf3 Rxf3 19. gxf3 Bc6 20. Nxc6 bxc6 21.
Bd4 Qd8 22. Bxg7+ Kxg7 23. Qf4 Rb8 24. b3 Rb7 25. Re1 Rf7 26. Qg3 Nf6 27. Rad1
d5 28. cxd5 Nxd5 29. Kh1 Qa5 30. Qe5+ Kh6 31. Re4 Rf5 32. Rh4+ Rh5 33. Rxh5+
gxh5 34. Rg1 1-0

[Event "XXXII Festival A"]
[Site "Arco ITA"]
[Date "2010.10.23"]
[Round "8"]
[White "Bondielli, Giorgio"]
[Black "Joerges, Frank"]
[Result "1/2-1/2"]
[WhiteElo "1880"]
[BlackElo "1955"]
[PlyCount "38"]
[EventDate "2010.10.16"]

1. e4 d5 2. exd5 Qxd5 3. Nc3 Qd6 4. d4 Nf6 5. Nf3 a6 6. Be3 b5 7. Bd3 Bb7 8.
Qd2 e6 9. Bf4 Qb6 10. Qe2 Bd6 11. Bxd6 cxd6 12. Ne4 Nxe4 13. Bxe4 Bxe4 14. Qxe4
d5 15. Qg4 g6 16. O-O Nd7 17. Rfe1 O-O 18. Qh4 Kg7 19. c3 Rac8 1/2-1/2

[Event "XXXII Festival A"]
[Site "Arco ITA"]
[Date "2010.10.23"]
[Round "8"]
[White "Bortolotti, Silvano"]
[Black "Ciola, Alberto"]
[Result "1/2-1/2"]
[WhiteElo "1778"]
[BlackElo "1929"]
[PlyCount "27"]
[EventDate "2010.10.16"]

1. e4 c5 2. Nc3 Nc6 3. f4 g6 4. Nf3 Bg7 5. Bb5 a6 6. Bxc6 bxc6 7. O-O d5 8. d3
Bg4 9. Qe1 Bxf3 10. Rxf3 e6 11. e5 Ne7 12. Na4 Nf5 13. Kh1 c4 14. dxc4 1/2-1/2

[Event "XXXII Festival A"]
[Site "Arco ITA"]
[Date "2010.10.23"]
[Round "8"]
[White "Bottesi, Gianluca"]
[Black "Savinova, Yulia"]
[Result "0-1"]
[WhiteElo "1704"]
[BlackElo "1820"]
[PlyCount "58"]
[EventDate "2010.10.16"]

1. d4 Nf6 2. c4 g6 3. Nc3 d5 4. e3 Bg7 5. Nf3 a6 6. c5 O-O 7. Bd3 Nc6 8. a3 Re8
9. O-O e5 10. dxe5 Nxe5 11. Nxe5 Rxe5 12. b4 c6 13. Qc2 Qc7 14. f4 Re8 15. Bd2
Ne4 16. Rae1 Bf5 17. Nxe4 Bxe4 18. Bc3 f5 19. Bxe4 Rxe4 20. Qb2 Rae8 21. Rf3 d4
22. Qb3+ Kh8 23. Bd2 Qd7 24. Kf1 Qe7 25. Qd3 Bf6 26. Qb1 Qe6 27. Qc1 Bg7 28.
exd4 Rxe1+ 29. Qxe1 Qc4+ 0-1

[Event "XXXII Festival A"]
[Site "Arco ITA"]
[Date "2010.10.23"]
[Round "8"]
[White "Buglisi, Massimo"]
[Black "Schuetzler, Bernd"]
[Result "1-0"]
[WhiteElo "1875"]
[BlackElo "1707"]
[PlyCount "49"]
[EventDate "2010.10.16"]

1. d4 d5 2. c4 Nc6 3. Nf3 Bg4 4. Nc3 e6 5. Bf4 Bb4 6. e3 Nge7 7. Be2 O-O 8. O-O
dxc4 9. Bxc4 Bxc3 10. bxc3 a6 11. a4 Na5 12. Bd3 h6 13. Qc2 Bxf3 14. gxf3 f5
15. Kh1 c6 16. Rg1 Rf6 17. Be5 Rg6 18. e4 Qe8 19. exf5 Nxf5 20. Bxf5 exf5 21.
Qxf5 Rxg1+ 22. Rxg1 Qf7 23. Rxg7+ Qxg7 24. Bxg7 Kxg7 25. Qxa5 1-0

[Event "XXXII Festival A"]
[Site "Arco ITA"]
[Date "2010.10.23"]
[Round "8"]
[White "Caldara, Sisto"]
[Black "Calavalle, Giulio"]
[Result "0-1"]
[WhiteElo "1813"]
[BlackElo "2238"]
[PlyCount "73"]
[EventDate "2010.10.16"]

1. d4 Nc6 2. d5 Nb8 3. e4 c6 4. c4 d6 5. f4 g6 6. Nc3 Bg7 7. Bd3 Nd7 8. Nf3 a5
9. Be3 Nh6 10. Qd2 c5 11. h3 Ng8 12. Ng5 Nf8 13. Rf1 h6 14. Nf3 e6 15. e5 exd5
16. cxd5 Nd7 17. e6 Ndf6 18. exf7+ Kxf7 19. Qc2 Ne7 20. Nh4 Nfxd5 21. Qb3 Bxc3+
22. bxc3 Kg7 23. Bd2 a4 24. Qc4 Nb6 25. Qe4 Nf5 26. Nxf5+ Bxf5 27. Qxb7+ Qd7
28. Qxd7+ Nxd7 29. Bb5 Nf6 30. O-O-O Rhb8 31. c4 d5 32. g4 Bd3 33. Rf3 dxc4 34.
Rxd3 cxd3 35. Bxd3 c4 36. Bf1 Ne4 37. Be3 0-1

[Event "XXXII Festival A"]
[Site "Arco ITA"]
[Date "2010.10.23"]
[Round "8"]
[White "Carrozza, Gregorio"]
[Black "Helbig, Dieter"]
[Result "0-1"]
[WhiteElo "1667"]
[BlackElo "1872"]
[PlyCount "74"]
[EventDate "2010.10.16"]

1. e4 c5 2. Nf3 Nc6 3. d4 cxd4 4. Nxd4 g6 5. Be3 Bg7 6. Be2 Qa5+ 7. Nc3 Nf6 8.
O-O O-O 9. Qd2 d6 10. f3 Bd7 11. Rad1 Rfe8 12. g4 Ne5 13. h3 Kh8 14. f4 Nc6 15.
f5 Qe5 16. Kg2 Nxe4 17. Nxe4 Qxe4+ 18. Bf3 Qe5 19. Nxc6 Bxc6 20. Bxc6 bxc6 21.
fxg6 Qe4+ 22. Kg1 fxg6 23. Rde1 Qc4 24. b3 Qg8 25. a4 a5 26. Bb6 c5 27. Bxa5
Bd4+ 28. Kh2 Qg7 29. Rf3 Rf8 30. Ref1 Rxf3 31. Rxf3 Qe5+ 32. Kg2 Rxa5 33. Qxa5
Qe2+ 34. Kg3 Be5+ 35. Kh4 Qxf3 36. Qd8+ Kg7 37. Qxe7+ Qf7 0-1

[Event "XXXII Festival A"]
[Site "Arco ITA"]
[Date "2010.10.23"]
[Round "8"]
[White "Cavatorta, Ivan"]
[Black "Borries, Barbara"]
[Result "1/2-1/2"]
[WhiteElo "1815"]
[BlackElo "1904"]
[PlyCount "124"]
[EventDate "2010.10.16"]

1. e4 e5 2. Nf3 Nc6 3. d4 exd4 4. Nxd4 Bc5 5. Be3 Qf6 6. c3 Nge7 7. Nc2 Bb6 8.
Bxb6 axb6 9. Ne3 Qg6 10. Nd2 O-O 11. Be2 d6 12. O-O Re8 13. f4 Qh6 14. Ng4 Bxg4
15. Bxg4 Ng6 16. g3 Nf8 17. Qe2 Re7 18. Nf3 Rae8 19. Ng5 Qf6 20. e5 dxe5 21.
Ne4 Qh6 22. f5 Nd7 23. f6 Nxf6 24. Rxf6 gxf6 25. Rf1 Rd8 26. Rxf6 Qg7 27. Rf5
Re6 28. Rh5 Rh6 29. Rf5 Ne7 30. Rg5 Rg6 31. Rh5 Rxg4 32. Qxg4 Qxg4 33. Nf6+ Kg7
34. Nxg4 f6 35. Rh6 Ng6 36. Rh5 Rd1+ 37. Kf2 Rd2+ 38. Ke3 Rxb2 39. Rf5 Ne7 40.
Rf1 Nd5+ 41. Kd3 Rxa2 42. c4 Ne7 43. Nxf6 Rxh2 44. Ne8+ Kg6 45. Nxc7 Nf5 46.
Re1 Nd4 47. Rxe5 Nc6 48. Rb5 Rg2 49. Rxb6 Rxg3+ 50. Ke4 Rg4+ 51. Kd5 h5 52.
Rxb7 Ne7+ 53. Kc5 h4 54. Nd5 Nf5 55. Ne7+ Nxe7 56. Rxe7 h3 57. Re1 h2 58. Rh1
Rh4 59. Kd5 Kf5 60. c5 Kg4 61. c6 Kg3 62. c7 Rh8 1/2-1/2

[Event "XXXII Festival A"]
[Site "Arco ITA"]
[Date "2010.10.23"]
[Round "8"]
[White "Cottarelli, Franco"]
[Black "Ferrari, Michele"]
[Result "1-0"]
[WhiteElo "1889"]
[BlackElo "1808"]
[PlyCount "41"]
[EventDate "2010.10.16"]

1. e4 c6 2. d4 d5 3. exd5 cxd5 4. c4 Nf6 5. Nc3 e6 6. Nf3 Be7 7. c5 O-O 8. b4
b6 9. Bd2 a5 10. a3 Bd7 11. Bd3 Be8 12. O-O bxc5 13. dxc5 Na6 14. Na4 axb4 15.
axb4 Nc7 16. Nb6 Rxa1 17. Qxa1 Nd7 18. Nxd7 Bxd7 19. Qb1 h6 20. Ne5 f6 21. Bh7+
1-0

[Event "XXXII Festival A"]
[Site "Arco ITA"]
[Date "2010.10.23"]
[Round "8"]
[White "Dalponte, Dino"]
[Black "Szabo, Bence"]
[Result "0-1"]
[WhiteElo "2141"]
[BlackElo "2375"]
[PlyCount "44"]
[EventDate "2010.10.16"]

1. d4 Nf6 2. Nf3 e6 3. c3 b6 4. Bg5 Bb7 5. Nbd2 c5 6. e3 Be7 7. Bd3 cxd4 8.
exd4 O-O 9. O-O Nc6 10. Qe2 Nd5 11. Qe4 f5 12. Bxe7 Ncxe7 13. Qh4 Rf6 14. Qg3
Rg6 15. Qd6 Nc8 16. Qe5 d6 17. Qe1 Nf4 18. Bc4 Nxg2 19. Qxe6+ Rxe6 20. Bxe6+
Kh8 21. Kxg2 Qg5+ 22. Kh1 Qxd2 0-1

[Event "XXXII Festival A"]
[Site "Arco ITA"]
[Date "2010.10.23"]
[Round "8"]
[White "De Minico, Stefano"]
[Black "Salati, Paolo"]
[Result "0-1"]
[WhiteElo "1921"]
[BlackElo "1861"]
[PlyCount "96"]
[EventDate "2010.10.16"]

1. c4 e5 2. Nc3 Nf6 3. d3 Nc6 4. g3 Be7 5. Bg2 O-O 6. Nf3 d6 7. Be3 Re8 8. Qd2
d5 9. cxd5 Nxd5 10. O-O Nxe3 11. fxe3 Bb4 12. Rf2 f6 13. Raf1 Be6 14. h3 Qd7
15. Kh2 Rad8 16. e4 Bc5 17. d4 Nxd4 18. Nxd4 Bxd4 19. e3 Bb6 20. Qe2 Qf7 21. b3
c6 22. g4 Qg6 23. Na4 Ba5 24. Nc5 Rd2 25. Qf3 Rxf2 26. Rxf2 Bc8 27. Qd1 Rd8 28.
Qc2 h6 29. Qc4+ Qf7 30. Bf1 b5 31. Qc2 Qe7 32. a3 Bb6 33. b4 a5 34. Rd2 Rxd2+
35. Qxd2 a4 36. Kg2 Kf8 37. Qc2 Qd6 38. Kf3 g5 39. h4 Bxc5 40. bxc5 Qe6 41. Bh3
Qe7 42. Qd2 Qd7 43. Qc3 Qd8 44. Ke2 Be6 45. Kf3 Bb3 46. Qc1 Qd1+ 47. Qxd1 Bxd1+
48. Kg3 b4 0-1

[Event "XXXII Festival A"]
[Site "Arco ITA"]
[Date "2010.10.23"]
[Round "8"]
[White "De Polzer, Manfredi"]
[Black "Pretto, Aldo"]
[Result "0-1"]
[WhiteElo "1809"]
[BlackElo "1741"]
[PlyCount "120"]
[EventDate "2010.10.16"]

1. e4 e5 2. Nf3 d6 3. Nc3 Nf6 4. Bc4 Be7 5. d3 Nc6 6. a3 Bg4 7. Be3 Qd7 8. Qe2
h6 9. h3 Bxf3 10. Qxf3 Nd4 11. Qd1 b5 12. Ba2 a5 13. Ne2 Ne6 14. O-O O-O 15.
Qd2 d5 16. f3 d4 17. Bf2 Nh5 18. Bxe6 Qxe6 19. Ng3 Bg5 20. Qe1 Nf4 21. Kh2 c5
22. Ne2 c4 23. Nxf4 Bxf4+ 24. g3 Bg5 25. h4 Be7 26. Qe2 f5 27. exf5 Qxf5 28.
Kg2 Qf7 29. Qe4 Rac8 30. Be1 cxd3 31. cxd3 Rc2+ 32. Rf2 Qb3 33. Qxe5 Bf6 34.
Qe4 Qxb2 35. Rd1 Rxf2+ 36. Bxf2 Qxa3 37. Qd5+ Kh8 38. Qxb5 Qb4 39. Qxb4 axb4
40. Rb1 Rb8 41. Rb3 g6 42. f4 Kg7 43. Kf3 Kf7 44. g4 Ke6 45. g5 hxg5 46. hxg5
Bg7 47. Ke4 Kd6 48. Bg3 Re8+ 49. Kf3 Kc5 50. Bf2 Kb5 51. Rb1 Ka4 52. Be1 Re3+
53. Kf2 b3 54. Bd2 Rxd3 55. Ke2 Rh3 56. Bc1 d3+ 57. Kd2 Kb4 58. Bb2 Bxb2 59.
Rxb2 Rh2+ 60. Kc1 Rxb2 0-1

[Event "XXXII Festival A"]
[Site "Arco ITA"]
[Date "2010.10.23"]
[Round "8"]
[White "De Santis, Alessio"]
[Black "Bove, Alessandro"]
[Result "1/2-1/2"]
[WhiteElo "2300"]
[BlackElo "2397"]
[PlyCount "135"]
[EventDate "2010.10.16"]

1. d4 Nf6 2. c4 e6 3. Nc3 Bb4 4. e3 c5 5. Nge2 cxd4 6. exd4 d5 7. a3 Be7 8. Nf4
O-O 9. cxd5 Nxd5 10. Nfxd5 exd5 11. Be2 Nc6 12. O-O Bf6 13. Be3 Be6 14. b4 Ne7
15. Bd3 Rc8 16. Qb3 Qd7 17. Rfd1 Rfd8 18. Rac1 Bf5 19. Bf1 Bg4 20. f3 Be6 21.
Bd3 Nf5 22. Bxf5 Bxf5 23. Ne2 Be6 24. b5 Rxc1 25. Rxc1 Rc8 26. Rxc8+ Qxc8 27.
Qc3 Qc4 28. Qxc4 dxc4 29. Nc3 Bf5 30. Kf2 Be7 31. Bc1 Kf8 32. Nd5 Bd7 33. Nc3
Bd8 34. a4 Ba5 35. Ba3+ Kg8 36. Ne4 Be6 37. Nc5 Bd5 38. Ke3 Bc7 39. h3 Bd6 40.
Bb2 f5 41. g4 b6 42. Na6 f4+ 43. Kf2 Kf7 44. Bc3 Ke6 45. Ke2 g6 46. Kf2 Bb7 47.
Nb4 Bxb4 48. Bxb4 Kd5 49. Bc3 a6 50. bxa6 Bxa6 51. g5 Bc8 52. h4 Bd7 53. a5
bxa5 54. Bxa5 Kxd4 55. Ke2 c3 56. Kd1 Kd3 57. Kc1 Ba4 58. Bb4 Bb3 59. Ba5 Ba4
60. Bb4 Ke2 61. Bxc3 Kxf3 62. Kd2 Kg4 63. Be5 f3 64. Ke3 Bc6 65. Kf2 Kxh4 66.
Bf4 Kg4 67. Bd2 Kf5 68. Bc1 1/2-1/2

[Event "XXXII Festival A"]
[Site "Arco ITA"]
[Date "2010.10.23"]
[Round "8"]
[White "Del Nevo, Claudio"]
[Black "Garvani, Vittorio"]
[Result "1-0"]
[WhiteElo "1859"]
[BlackElo "1940"]
[PlyCount "101"]
[EventDate "2010.10.16"]

1. d4 Nf6 2. Nf3 d5 3. Bg5 Ne4 4. Bf4 c5 5. c3 Qb6 6. Qb3 c4 7. Qxb6 axb6 8.
Nbd2 Nxd2 9. Nxd2 e6 10. e3 Bd7 11. Bxb8 Rxb8 12. Be2 Bd6 13. O-O O-O 14. g3 b5
15. a3 f6 16. e4 Bc6 17. exd5 exd5 18. Bf3 Rfe8 19. Rfe1 g6 20. Re3 Rxe3 21.
fxe3 f5 22. Kf2 Re8 23. Re1 Kg7 24. h3 g5 25. g4 f4 26. e4 Bd7 27. e5 Be7 28.
Bxd5 Bc6 29. Bxc6 bxc6 30. Kf3 Rd8 31. Ke4 Kg6 32. Nf3 h6 33. Rd1 Rd5 34. Ra1
Rd8 35. Rh1 Rd7 36. h4 gxh4 37. Kxf4 Bg5+ 38. Ke4 Rf7 39. Nxh4+ Bxh4 40. Rxh4
Rf2 41. Rh5 Re2+ 42. Kf3 Re1 43. Rh2 Kg5 44. Re2 Rf1+ 45. Kg2 Rf7 46. Rf2 Rc7
47. Kg3 Kg6 48. Kh4 Kh7 49. Rf6 c5 50. d5 b4 51. e6 1-0

[Event "XXXII Festival A"]
[Site "Arco ITA"]
[Date "2010.10.23"]
[Round "8"]
[White "Di Lazzaro, Gabriele"]
[Black "Trauth, Michael"]
[Result "1/2-1/2"]
[WhiteElo "1901"]
[BlackElo "2197"]
[PlyCount "92"]
[EventDate "2010.10.16"]

1. e4 c5 2. Nf3 Nc6 3. c3 d5 4. exd5 Qxd5 5. d4 cxd4 6. cxd4 e5 7. Nc3 Bb4 8.
Bd2 Bxc3 9. Bxc3 exd4 10. Nxd4 Nge7 11. Nb5 Qe6+ 12. Be2 O-O 13. Nc7 Qg6 14.
Bh5 Qe4+ 15. Qe2 Qxe2+ 16. Bxe2 Rb8 17. Rd1 Bf5 18. Nb5 Be4 19. f3 Bd5 20. b3
Rfc8 21. Kf2 a6 22. Nd6 Rd8 23. Nc4 b5 24. Ne5 Rbc8 25. Nxc6 Rxc6 26. Bb4 Re6
27. Bxe7 Rxe7 28. Rd2 Rde8 29. Rhd1 Bb7 30. Bf1 Kf8 31. Rd7 Rc8 32. Rd8+ Re8
33. Rxc8 Bxc8 34. g3 Ke7 35. Bg2 Be6 36. f4 Rc8 37. Rd2 a5 38. Be4 g6 39. Ke3
b4 40. Rc2 Rxc2 41. Bxc2 Kd6 42. Kd4 f5 43. Bd3 Bd5 44. Bc4 Bxc4 45. Kxc4 Kc6
46. h4 h5 1/2-1/2

[Event "XXXII Festival A"]
[Site "Arco ITA"]
[Date "2010.10.23"]
[Round "8"]
[White "Drasko, Milan"]
[Black "Baeta, Marcio Netto"]
[Result "1-0"]
[WhiteElo "2486"]
[BlackElo "2221"]
[PlyCount "93"]
[EventDate "2010.10.16"]

1. Nf3 Nf6 2. g3 b6 3. Bg2 Bb7 4. c4 e6 5. O-O Be7 6. b3 O-O 7. Bb2 c5 8. e3 d5
9. Nc3 Ne4 10. cxd5 exd5 11. d4 Bf6 12. Rc1 Na6 13. Re1 Re8 14. Ne2 Nb4 15. a3
Nc6 16. Nf4 g6 17. Rc2 Rc8 18. dxc5 Bxb2 19. Rxb2 Ne7 20. cxb6 Qxb6 21. Nd4 Rc7
22. Rc2 Rxc2 23. Qxc2 Rc8 24. Qb2 Qc7 25. h4 h6 26. Nd3 Qc3 27. Qxc3 Rxc3 28.
Nc1 Ba6 29. Na2 Rc7 30. Rc1 Rxc1+ 31. Nxc1 Nc5 32. Bh3 Kg7 33. Bf1 Bxf1 34.
Kxf1 Kf6 35. Ke2 a6 36. f3 Nf5 37. Nxf5 Kxf5 38. b4 Ne6 39. Nb3 Ke5 40. Nc5 Nc7
41. Kd3 g5 42. hxg5 hxg5 43. a4 f6 44. Kc3 f5 45. f4+ gxf4 46. gxf4+ Kd6 47.
Kd4 1-0

[Event "XXXII Festival A"]
[Site "Arco ITA"]
[Date "2010.10.23"]
[Round "8"]
[White "Eperjesi, Laszlo"]
[Black "Bonagura, Stefano"]
[Result "0-1"]
[WhiteElo "2194"]
[BlackElo "2130"]
[PlyCount "54"]
[EventDate "2010.10.16"]

1. d4 d5 2. c4 c6 3. cxd5 cxd5 4. Nc3 Nc6 5. Bf4 Nf6 6. e3 Bf5 7. Bd3 Bxd3 8.
Qxd3 e6 9. Nf3 Be7 10. h3 Rc8 11. O-O O-O 12. Rfc1 Nd7 13. Na4 Qa5 14. Qb3 b5
15. Nc5 Nxc5 16. dxc5 b4 17. Rc2 Rfd8 18. Rac1 Bf6 19. Bd6 Qb5 20. a4 Na5 21.
Qa2 b3 22. Qa3 Qa6 23. Rc3 Bxc3 24. Rxc3 Nc4 25. Qxb3 Nxd6 26. cxd6 Rxc3 27.
bxc3 Qxd6 0-1

[Event "XXXII Festival A"]
[Site "Arco ITA"]
[Date "2010.10.23"]
[Round "8"]
[White "Galas, Franco"]
[Black "Stolfa, Rodolfo"]
[Result "0-1"]
[WhiteElo "1794"]
[BlackElo "1876"]
[PlyCount "58"]
[EventDate "2010.10.16"]

1. d4 d5 2. Nf3 Nf6 3. e3 e6 4. Bd3 c5 5. c3 Nc6 6. O-O Be7 7. Bc2 Qc7 8. Nbd2
Bd7 9. e4 cxd4 10. cxd4 dxe4 11. Nxe4 Nb4 12. Nxf6+ gxf6 13. Bb3 O-O-O 14. Be3
Kb8 15. Qd2 Bc6 16. Rac1 Rhg8 17. g3 Qa5 18. Ne1 Qf5 19. f3 Nd5 20. Bc2 Qh3 21.
Rf2 h5 22. Rg2 e5 23. dxe5 fxe5 24. Qf2 Nxe3 25. Qxe3 Bd6 26. Rd1 Bc7 27. Kh1
f5 28. Rxd8+ Rxd8 29. Rd2 Rxd2 0-1

[Event "XXXII Festival A"]
[Site "Arco ITA"]
[Date "2010.10.23"]
[Round "8"]
[White "Gardini, Enrico"]
[Black "Kaczur, Florian"]
[Result "0-1"]
[WhiteElo "1815"]
[BlackElo "2035"]
[PlyCount "80"]
[EventDate "2010.10.16"]

1. c4 g6 2. Nc3 Bg7 3. Nf3 d6 4. g3 c5 5. Bg2 Nc6 6. O-O e5 7. d3 Nge7 8. Rb1
O-O 9. a3 a5 10. Bg5 f6 11. Bd2 Be6 12. Qc1 Rc8 13. e4 Rb8 14. Nb5 Nd4 15.
Nfxd4 cxd4 16. Qe1 b6 17. h3 Qd7 18. Kh2 f5 19. f3 f4 20. g4 Bf6 21. Qf2 h5 22.
Rh1 Kg7 23. Kg1 hxg4 24. fxg4 Rh8 25. Be1 Bh4 26. Qf3 Bxe1 27. Rxe1 g5 28. Qd1
Rh6 29. Qb3 Rf8 30. Bf3 Ng6 31. a4 Rfh8 32. Bg2 Bxg4 33. Nxd6 Bxh3 34. Bxh3
Qxd6 35. Bg2 Rxh1+ 36. Bxh1 g4 37. Qb5 Qe7 38. Qxb6 Rxh1+ 39. Kxh1 Qh4+ 40. Kg2
f3+ 0-1

[Event "XXXII Festival A"]
[Site "Arco ITA"]
[Date "2010.10.23"]
[Round "8"]
[White "Giancotti, Eraldo"]
[Black "Kern, Beat"]
[Result "1-0"]
[WhiteElo "2062"]
[BlackElo "1668"]
[PlyCount "31"]
[EventDate "2010.10.16"]

1. d4 d5 2. Nf3 Nf6 3. e3 e6 4. Bd3 Be7 5. O-O O-O 6. Nbd2 c5 7. b3 Nbd7 8. Bb2
a6 9. Ne5 b5 10. c4 bxc4 11. bxc4 Bb7 12. Qe2 Re8 13. Ndf3 Nf8 14. Ng5 Qa5 15.
Ngxf7 Bd6 16. Nxd6 1-0

[Event "XXXII Festival A"]
[Site "Arco ITA"]
[Date "2010.10.23"]
[Round "8"]
[White "Grinza, Andrea"]
[Black "Lezzerini, Marco"]
[Result "1-0"]
[WhiteElo "2239"]
[BlackElo "1674"]
[PlyCount "87"]
[EventDate "2010.10.16"]

1. d4 Nf6 2. c4 g6 3. Nc3 Bg7 4. e4 d6 5. f3 b6 6. Bg5 Bb7 7. Qd2 c5 8. d5 Nbd7
9. Nh3 a6 10. a4 h5 11. Be2 Ne5 12. Nf2 Bc8 13. h3 h4 14. f4 Ned7 15. Nd3 Ng8
16. f5 f6 17. Be3 gxf5 18. exf5 Ne5 19. Nxe5 fxe5 20. O-O Bf6 21. Ne4 Kf8 22.
b4 Kg7 23. Bg5 Nh6 24. Bd3 Nf7 25. Be3 Qg8 26. bxc5 bxc5 27. Rab1 Bd7 28. a5
Rb8 29. Bg5 Qc8 30. Qe2 Rxb1 31. Bxf6+ exf6 32. Bxb1 Bxf5 33. Nxd6 Nxd6 34.
Bxf5 Nxf5 35. Qg4+ Kf7 36. Rxf5 Qf8 37. Qe4 Qe7 38. Rf2 Qd7 39. Qxe5 Rh6 40.
Qf4 Kg7 41. Re2 Qd8 42. d6 Rh7 43. Re7+ Kg8 44. Qxf6 1-0

[Event "XXXII Festival A"]
[Site "Arco ITA"]
[Date "2010.10.23"]
[Round "8"]
[White "Hilbenz, Guntram"]
[Black "Giaracuni, Claudio"]
[Result "0-1"]
[WhiteElo "1912"]
[BlackElo "1784"]
[PlyCount "42"]
[EventDate "2010.10.16"]

1. Nf3 e6 2. c4 Nf6 3. g3 b6 4. Bg2 Bb7 5. b3 Be7 6. Bb2 O-O 7. O-O c5 8. Nc3
d5 9. e3 Nbd7 10. Qe2 Ne4 11. cxd5 Nxc3 12. Bxc3 exd5 13. d4 Bf6 14. Rfd1 Rc8
15. Rac1 Re8 16. Qb2 Qe7 17. Rd2 Rc7 18. Rcd1 Rec8 19. Ne5 cxd4 20. Nxd7 dxc3
21. Nxf6+ Qxf6 0-1

[Event "XXXII Festival A"]
[Site "Arco ITA"]
[Date "2010.10.23"]
[Round "8"]
[White "Karl, Hans"]
[Black "Giuriato, Sergio"]
[Result "1/2-1/2"]
[WhiteElo "2211"]
[BlackElo "1935"]
[PlyCount "108"]
[EventDate "2010.10.16"]

1. d4 Nf6 2. c4 e6 3. Nc3 Bb4 4. e3 O-O 5. Nge2 d5 6. a3 Be7 7. Ng3 b6 8. cxd5
exd5 9. Bd3 Re8 10. O-O Ba6 11. Bxa6 Nxa6 12. Qd3 Qc8 13. b4 c6 14. Bb2 Nc7 15.
Rac1 Qd7 16. Rc2 a5 17. Na4 Reb8 18. Rfc1 axb4 19. Rxc6 Rxa4 20. Rxc7 Qe8 21.
axb4 Bxb4 22. Qf5 Raa8 23. R7c6 Be7 24. h3 g6 25. Qe5 Qd8 26. e4 Ra5 27. Qxb8
Qxb8 28. Rc8+ Qxc8 29. Rxc8+ Kg7 30. e5 Ng8 31. Rc7 Rb5 32. Bc1 Rb4 33. Be3
Rb1+ 34. Kh2 b5 35. Rd7 b4 36. Rxd5 b3 37. Rb5 Ba3 38. d5 b2 39. Bd4 Rd1 40.
Bxb2 Bxb2 41. Rxb2 Rxd5 42. f4 Rd7 43. f5 gxf5 44. Nxf5+ Kg6 45. g4 Kg5 46. Rf2
h5 47. gxh5 Kxh5 48. Rg2 Ne7 49. Ng7+ Kh6 50. Ne8 Ng6 51. Nf6 Rd3 52. Ng4+ Kh7
53. Nf6+ Kh6 54. Ng4+ Kh7 1/2-1/2

[Event "XXXII Festival A"]
[Site "Arco ITA"]
[Date "2010.10.23"]
[Round "8"]
[White "Kierzek, Matthias"]
[Black "Astengo, Corrado"]
[Result "1/2-1/2"]
[WhiteElo "2145"]
[BlackElo "2150"]
[PlyCount "133"]
[EventDate "2010.10.16"]

1. d4 d5 2. c4 e6 3. Nc3 Nf6 4. Bg5 Be7 5. e3 Nbd7 6. Rc1 c6 7. Nf3 O-O 8. Bd3
dxc4 9. Bxc4 b5 10. Bd3 Bb7 11. O-O a6 12. e4 c5 13. e5 Nd5 14. Bxe7 Qxe7 15.
dxc5 Nxc5 16. Bb1 Rac8 17. Qd4 Rfd8 18. Qg4 Nxc3 19. Rxc3 h6 20. Qb4 Kf8 21.
Qf4 Na4 22. Rxc8 Rxc8 23. b3 Nc3 24. Nd4 Kg8 25. h4 Qd7 26. Kh2 Qd5 27. Nf3
Nxb1 28. Rxb1 Rc2 29. Rc1 Qc6 30. Rxc2 Qxc2 31. Qd2 Qf5 32. Qe2 Qg4 33. Kg1 g6
34. Qd3 Kg7 35. Qd8 Qf5 36. Qb6 Bxf3 37. gxf3 Qb1+ 38. Kg2 Qxa2 39. Qd8 Qc2 40.
Qf6+ Kg8 41. Qd8+ Kh7 42. Qd6 Qf5 43. b4 Kg7 44. Qd4 g5 45. hxg5 Qxg5+ 46. Kh3
Qc1 47. f4 Qc4 48. Qd2 Qb3+ 49. Kg4 Qd5 50. Qe1 Qg2+ 51. Kh4 Qh2+ 52. Kg4 h5+
53. Kf3 Qh3+ 54. Ke4 Qg2+ 55. Ke3 Qd5 56. Qg1+ Kf8 57. Qg5 Qb3+ 58. Ke2 Qc2+
59. Ke3 Qg6 60. Qh4 Ke8 61. Qh1 Kf8 62. Qa8+ Kg7 63. Qd8 Qb1 64. Qg5+ Kf8 65.
Qd8+ Kg7 66. Qg5+ Kf8 67. Qd8+ 1/2-1/2

[Event "XXXII Festival A"]
[Site "Arco ITA"]
[Date "2010.10.23"]
[Round "8"]
[White "Kierzek, Mira"]
[Black "Ziltener, Werner"]
[Result "1/2-1/2"]
[WhiteElo "2053"]
[BlackElo "2116"]
[PlyCount "138"]
[EventDate "2010.10.16"]

1. d4 d5 2. Nf3 Nf6 3. c4 c6 4. Nc3 a6 5. e3 b5 6. cxd5 cxd5 7. Bd3 Bb7 8. O-O
e6 9. Bd2 Nbd7 10. Ne5 Nxe5 11. dxe5 Nd7 12. f4 Bc5 13. Qh5 g6 14. Qh3 Qb6 15.
Kh1 O-O 16. Rad1 Kg7 17. e4 d4 18. Ne2 Rfe8 19. Bb1 Rad8 20. Be1 Nb8 21. Bh4
Be7 22. Bf6+ Bxf6 23. exf6+ Kxf6 24. Qxh7 Rh8 25. e5+ Ke7 26. Qg7 Rdg8 27. Qf6+
Ke8 28. Nxd4 Nd7 29. Qg5 Rh5 30. Qg3 Rgh8 31. Nf3 Bxf3 32. Rxf3 Rxh2+ 33. Qxh2
Rxh2+ 34. Kxh2 Qb7 35. Rc3 Nb6 36. Rdc1 Kd7 37. Rd3+ Ke7 38. Rdc3 Kd7 39. Rd1+
Ke7 40. Re1 Na4 41. Be4 Qb6 42. Rc2 Qd4 43. Ree2 Nc5 44. Rcd2 Qa4 45. b3 Qb4
46. Bc6 Qxf4+ 47. g3 Qg4 48. Re3 Qb4 49. Ree2 Qg4 50. Kg2 Qf5 51. Rd4 Qh5 52.
Bf3 Qg5 53. Rdd2 Nd7 54. Rd6 Nxe5 55. Rxa6 Nxf3 56. Kxf3 Qh5+ 57. Kf2 Qc5+ 58.
Kf1 g5 59. a4 b4 60. a5 Qf5+ 61. Kg2 Qd5+ 62. Kh2 g4 63. Ra7+ Kf8 64. a6 Qc5
65. Rb7 Qh5+ 66. Kg1 Qc5+ 67. Kh2 Qh5+ 68. Kg1 Qc5+ 69. Kh2 Qh5+ 1/2-1/2